English, French and Germany comparative law

This book looks at three aspect of this use of force to impose rules which is the distintive character of legal rules.

সংরক্ষণ করুন:
গ্রন্থ-পঞ্জীর বিবরন
প্রধান লেখক: Youngs, Raymond
বিন্যাস: গ্রন্থ
ভাষা:Undetermined
প্রকাশিত: London Cavendish 1998
বিষয়গুলি:
ট্যাগগুলো: ট্যাগ যুক্ত করুন
কোনো ট্যাগ নেই, প্রথমজন হিসাবে ট্যাগ করুন!
Thư viện lưu trữ: Trung tâm Học liệu Trường Đại học Cần Thơ
LEADER 00663nam a2200205Ia 4500
001 CTU_27169
008 210402s9999 xx 000 0 und d
020 |c 162.50 
082 |a 342 
082 |b Y81 
100 |a Youngs, Raymond 
245 0 |a English, French and Germany comparative law 
245 0 |c Raymond Youngs 
260 |a London 
260 |b Cavendish 
260 |c 1998 
520 |a This book looks at three aspect of this use of force to impose rules which is the distintive character of legal rules. 
650 |a Comparative law,Luật đối chiếu 
904 |i Minh, Năm 
980 |a Trung tâm Học liệu Trường Đại học Cần Thơ